000 00324nam a22001337a 4500
008 170802b xxu||||| |||| 00| 0 eng d
020 _a9780201422948
041 _aeng
080 _a004
100 _a32
101 _aSHKI
245 _aDESIGN PATTERNS FOR OBJECT-ORIENTED SOFTWARE DEVELOPMENT
_cPREE, W
942 _2udc
_cBK
999 _c22568
_d22568